|
|
|
|
| LEADER |
00000nas a2200000 a 4500 |
| 001 |
ssj0011626 |
| 003 |
WaSeSS |
| 005 |
20200512172242.0 |
| 006 |
m d |
| 007 |
cr n |
| 008 |
970130c19979999mduqr pss o 0 a0eng c |
| 010 |
|
|
|a sn 97003513
|
| 022 |
|
|
|a 1092-311X
|l 1092-311X
|y 2572-6633
|
| 035 |
|
|
|a (WaSeSS)ssj0011626
|
| 037 |
|
|
|b Project Muse, The Johns Hopkins University Press, 2715 N. Charles Street, Baltimore, Maryland 21211
|
| 040 |
|
|
|a NSD
|b eng
|c NSD
|d WAU
|d GUA
|d IUL
|d OCL
|d NSD
|d IUL
|d NSD
|d OCLCQ
|d IUL
|d OCLCQ
|d WAU
|d DLC
|d F#A
|d OCL
|d UQ1
|d OCLCQ
|d N@F
|d CEF
|d OCLCO
|d OCLCQ
|d OCLCF
|d OCLCO
|d OCLCQ
|d OCLCA
|d OCLCQ
|d LND
|d DLC
|d VT2
|d WaSeSS
|
| 042 |
|
|
|a pcc
|a nsdp
|
| 050 |
0 |
0 |
|a JA1
|
| 082 |
1 |
0 |
|a 324
|2 13
|
| 210 |
0 |
|
|a Theory event
|
| 222 |
|
0 |
|a Theory & event
|
| 245 |
0 |
0 |
|a Theory & event
|h [electronic resource].
|
| 246 |
3 |
|
|a Theory and event
|
| 246 |
3 |
|
|a T and E
|
| 246 |
1 |
3 |
|a T & E
|
| 260 |
|
|
|a Baltimore, Md. :
|b Johns Hopkins University Press,
|c ©1997-
|
| 310 |
|
|
|a Quarterly
|
| 362 |
0 |
|
|a Issue 1:1-
|
| 500 |
|
|
|a Title from home page.
|
| 500 |
|
|
|a The subtitle: "An online journal of political theory" was dropped as of Vol. 20, no. 1 (Jan. 2017) to accommodate print version published 2018- .
|
| 500 |
|
|
|a Prior to 2018, print copies were published on demand only.
|
| 506 |
|
|
|a License restrictions may limit access.
|
| 525 |
|
|
|a Supplements accompany some issues.
|
| 538 |
|
|
|a Mode of access: World Wide Web.
|
| 588 |
|
|
|a Latest issue consulted: Vol. 21, no. 3 (July 2018) (viewed July 12, 2018).
|
| 610 |
2 |
4 |
|a Johns Hopkins University Press.
|
| 650 |
|
0 |
|a Political science
|v Periodicals.
|
| 650 |
|
0 |
|a Political sociology
|v Periodicals.
|
| 650 |
|
0 |
|a Political science
|x Philosophy
|v Periodicals.
|
| 650 |
|
7 |
|a Political science.
|2 fast
|0 (OCoLC)fst01069781
|
| 650 |
|
7 |
|a Political science
|x Philosophy.
|2 fast
|0 (OCoLC)fst01069819
|
| 650 |
|
7 |
|a Political sociology.
|2 fast
|0 (OCoLC)fst01069877
|
| 650 |
1 |
7 |
|a Philosophie politique.
|2 rasuqam
|
| 650 |
|
7 |
|a Science politique.
|2 rasuqam
|
| 650 |
1 |
7 |
|a Sociologie politique.
|2 rasuqam
|
| 650 |
|
7 |
|a Théorie politique.
|2 rasuqam
|
| 651 |
|
4 |
|a Baltimore (Md.)
|
| 655 |
|
0 |
|a Electronic journals.
|
| 776 |
0 |
8 |
|i Print version:
|t Theory & event
|x 2572-6633
|w (DLC) 2017201219
|w (OCoLC)982056382
|
| 856 |
4 |
0 |
|z Full text available from Research Library: 02/01/2005 to 1 year ago
|u https://search.proquest.com/publication/27342
|